| 000 | 00678nam a2200229 a 4500 | ||
|---|---|---|---|
| 001 | 54457 | ||
| 003 | BD-RjUL | ||
| 005 | 20211209080126.0 | ||
| 008 | 161107r2009 ii ||||| |||| 00| 0 eng d | ||
| 020 | _a8121908922 | ||
| 035 | _a(BD-RjUL)54579 | ||
| 040 |
_aBD-RjUL _beng _cBD-RjUL |
||
| 041 | _aeng | ||
| 082 |
_223 _a515.35 _bRAO 2009 |
||
| 100 | 1 |
_aRaisinghania, M. D. _9124119 |
|
| 245 | 1 | 0 |
_aOrdinary and Partial Differential Equeations / _cM. D. Raisinghania |
| 250 | _a11th rev. & enl. ed. | ||
| 260 |
_aNew Dellhi : _bS. Chad & Company Ltd, _c2009 |
||
| 300 |
_aVarious Pagins : _bill. ; _c24 cm. |
||
| 650 |
_aDifferential Equations _9117697 |
||
| 942 |
_2ddc _cBK |
||
| 999 |
_c54457 _d54457 |
||